<?xml version="1.0" encoding="UTF-8"?><?xml-stylesheet type="text/xsl" href="static/style.xsl"?><OAI-PMH xmlns="http://www.openarchives.org/OAI/2.0/" xmlns:xsi="http://www.w3.org/2001/XMLSchema-instance" xsi:schemaLocation="http://www.openarchives.org/OAI/2.0/ http://www.openarchives.org/OAI/2.0/OAI-PMH.xsd"><responseDate>2026-06-03T00:52:18Z</responseDate><request verb="GetRecord" identifier="oai:riuma.uma.es:10630/27662" metadataPrefix="marc">https://riuma.uma.es/rest/oai/request</request><GetRecord><record><header><identifier>oai:riuma.uma.es:10630/27662</identifier><datestamp>2026-02-03T10:49:01Z</datestamp><setSpec>com_10630_2254</setSpec><setSpec>col_10630_37953</setSpec></header><metadata><record xmlns="http://www.loc.gov/MARC21/slim" xmlns:dcterms="http://purl.org/dc/terms/" xmlns:doc="http://www.lyncode.com/xoai" xmlns:xsi="http://www.w3.org/2001/XMLSchema-instance" xsi:schemaLocation="http://www.loc.gov/MARC21/slim http://www.loc.gov/standards/marcxml/schema/MARC21slim.xsd">
   <leader>00925njm 22002777a 4500</leader>
   <datafield ind2=" " ind1=" " tag="042">
      <subfield code="a">dc</subfield>
   </datafield>
   <datafield ind2=" " ind1=" " tag="720">
      <subfield code="a">Caballero Herrera, José Antonio</subfield>
      <subfield code="e">author</subfield>
   </datafield>
   <datafield ind2=" " ind1=" " tag="720">
      <subfield code="a">Hoffman, Leon</subfield>
      <subfield code="e">author</subfield>
   </datafield>
   <datafield ind2=" " ind1=" " tag="720">
      <subfield code="a">Freiwald, André</subfield>
      <subfield code="e">author</subfield>
   </datafield>
   <datafield ind2=" " ind1=" " tag="720">
      <subfield code="a">Gofas, Serge</subfield>
      <subfield code="e">author</subfield>
   </datafield>
   <datafield ind2=" " ind1=" " tag="260">
      <subfield code="c">2023</subfield>
   </datafield>
   <datafield ind2=" " ind1=" " tag="520">
      <subfield code="a">This study investigates the molluscan fauna of the South Azorean Seamount Chain (SASC), which comprises several seamounts&#xd;
culminating in 300–1600 m depth, separated by distances less than 200 km. Material was collected mainly by dredging and&#xd;
comprises mostly empty shells. A total of over 111,000 shells representing at least 439 species (409 identified) was collected.&#xd;
Larval development was inferred from protoconch morphology, and the assemblage comprises species with planktotrophic&#xd;
larvae, with non-feeding planktonic larva, and with lecithotrophic larvae with direct development. The direct developers are&#xd;
more prevalent among species endemic to the SASC in the upper bathyal part (300–800 m) of the seamounts, whereas most&#xd;
planktotrophic species are shared with the Lusitanian seamounts and/or the European mainland. Nevertheless, there are notable&#xd;
exceptions to this trend, where species with non-planktotrophic larvae are also widespread, and a large proportion of the&#xd;
species with non-feeding planktonic larvae are shared with Eastern and/or Western Atlantic. Level of endemism of Mollusca&#xd;
is high within the SASC (22.5% overall, 35.8% considering only the interval &lt; 800 m) and even higher (32.6% overall) when&#xd;
considering together the SASC and the Azores. The generic composition and large set of overlapping fauna suggest a strong&#xd;
relation to the temperate Eastern Atlantic, whereas only 19% of the species are shared with the Western Atlantic.</subfield>
   </datafield>
   <datafield ind1="8" ind2=" " tag="024">
      <subfield code="a">Herrera, J.A.C., Hoffman, L., Freiwald, A. et al. The dispersal capacity of Mollusca—a test on the South Azorean Seamount Chain. Mar. Biodivers. 53, 59 (2023). https://doi.org/10.1007/s12526-023-01366-9</subfield>
   </datafield>
   <datafield ind1="8" ind2=" " tag="024">
      <subfield code="a">https://hdl.handle.net/10630/27662</subfield>
   </datafield>
   <datafield ind1="8" ind2=" " tag="024">
      <subfield code="a">10.1007/s12526-023-01366-9</subfield>
   </datafield>
   <datafield tag="653" ind2=" " ind1=" ">
      <subfield code="a">Larvas - Desarrollo</subfield>
   </datafield>
   <datafield tag="653" ind2=" " ind1=" ">
      <subfield code="a">Moluscos - Larvas - Distribución geográfica</subfield>
   </datafield>
   <datafield tag="653" ind2=" " ind1=" ">
      <subfield code="a">Zona abisal - Azores</subfield>
   </datafield>
   <datafield ind2="0" ind1="0" tag="245">
      <subfield code="a">The dispersal capacity of Mollusca—a test on the South Azorean Seamount Chain</subfield>
   </datafield>
</record>
</metadata></record></GetRecord></OAI-PMH>